New Horizons in linguistics
Guardat en:
| Autor principal: | |
|---|---|
| Format: | Llibre |
| Idioma: | English |
| Publicat: |
Great Britain
Peguin Books
1971
|
| Matèries: | |
| Etiquetes: |
Afegir etiqueta
Sense etiquetes, Sigues el primer a etiquetar aquest registre!
|
MARC
| LEADER | 00000nam a2200000Ia 4500 | ||
|---|---|---|---|
| 008 | 170316s9999 xx 000 0 eng d | ||
| 040 | |a cru BVZT | ||
| 090 | |a 410 L-23n | ||
| 100 | |a Lyons, John | ||
| 245 | |a New Horizons in linguistics | ||
| 260 | |a Great Britain | ||
| 260 | |b Peguin Books | ||
| 260 | |c 1971 | ||
| 300 | |a 367 páginas | ||
| 650 | 0 | |a LINGÜÍSTICA |9 55 | |
| 999 | |c 18546 |d 18546 | ||
| 942 | |c LIB |h 410 L-23n |2 z | ||
